[Event "25th Festival Open A"]
[Site "Bled SLO"]
[Date "2008.03.01"]
[Round "9"]
[White "Buzeti,J"]
[Black "Srebrnic,M"]
[Result "0-1"]
[WhiteElo "2146"]
[BlackElo "2321"]

1.e4 c5 2.Nf3 e6 3.d4 cxd4 4.Nxd4 a6 5.Bd3 Bc5 6.Nb3 Be7 7.O-O d6 8.Nc3 Nf6
9.Be3 Qc7 10.f4 b6 11.Qf3 Bb7 12.Qg3 g6 13.Rae1 Nbd7 14.e5 Nd5 15.Nxd5 Bxd5
16.exd6 Bxd6 17.Bd4 O-O 18.Qg5 Rfe8 19.Re3 Qd8 20.Qh6 Bf8 21.Qh3 Nf6 22.c4 Bc6
23.Kh1 Bg7 24.Bc3 Ra7 25.Nd4 Ba8 26.Nf3 Qc8 27.Ng5 Nh5 28.Bxg7 Kxg7 29.f5 exf5
30.Bxf5 Qxc4 31.Bd3 Qc8 32.Rxe8 Qxe8 33.Bc4 f6 34.Qc3 Qc6 35.Ne6+ Kh8 36.Qd2 Rd7
37.Qe2 Re7 38.Rd1 Re8 39.Nd4 Rxe2 40.Nxc6 Re8 41.Nd4 Nf4 42.Bf1 a5 43.Kg1 Rd8
44.Kf2 Ne6 45.Ke3 f5 46.g3 g5  0-1

[Event "65th ch-GEO w"]
[Site "Tbilisi GEO"]
[Date "2008.03.01"]
[Round "3"]
[White "Khukhashvili,S"]
[Black "Dzagnidze,N"]
[Result "1/2-1/2"]
[WhiteElo "2387"]
[BlackElo "2429"]

1.e4 c5 2.Nf3 e6 3.d4 cxd4 4.Nxd4 a6 5.Bd3 Bc5 6.Nb3 Be7 7.c4 Nc6 8.O-O Nf6
9.Nc3 d5 10.cxd5 exd5 11.exd5 Nxd5 12.Nxd5 Qxd5 13.Re1  1/2-1/2

[Event "TCh-BEL 2007-8"]
[Site "Belgium BEL"]
[Date "2008.03.02"]
[Round "10"]
[White "Allaert,D"]
[Black "Israel,G"]
[Result "0-1"]
[WhiteElo "2067"]
[BlackElo "2143"]

1.e4 c5 2.Nf3 e6 3.d4 cxd4 4.Nxd4 a6 5.Bd3 Qc7 6.Be3 Nf6 7.Qe2 Be7 8.Nd2 d6
9.f4 Nbd7 10.O-O b6 11.Kh1 Bb7 12.Bg1 h5 13.Rae1 h4 14.h3 Nh5 15.Bh2 Nc5
16.N2b3 b5 17.c3 Nxd3 18.Qxd3 Rc8 19.Nd2 Qb6 20.N2f3 b4 21.cxb4 Qxb4 22.a3 Qb6
23.Rc1 O-O 24.b4 Rc7 25.Rxc7 Qxc7 26.Nb3 Rc8 27.Rc1 Qb8 28.Nfd2 Nf6 29.Rxc8+ Qxc8
30.Na5 Ba8 31.Bg1 Nh5 32.Ndc4 Bxe4 33.Qd1 e5 34.Kh2 Nxf4 35.Nxd6 Qd7 36.Bc5 Bxg2
37.Qg4 Bxh3 38.Qxd7 Bxd7 39.Ne4 Bxc5 40.bxc5 f5 41.Nd6 e4 42.c6 Be6 43.c7 e3
44.Kg1 h3 45.Nb3 e2 46.Kf2 h2 47.Nd4 h1=Q 48.Nxe6 e1=Q+  0-1

[Event "ch-UKR Boys u20"]
[Site "Odessa UKR"]
[Date "2008.03.08"]
[Round "4"]
[White "Tukhaev,A"]
[Black "Grinev,V"]
[Result "1-0"]
[WhiteElo "2524"]
[BlackElo "2266"]

1.e4 c5 2.Nf3 e6 3.d4 cxd4 4.Nxd4 a6 5.Bd3 Bc5 6.Nb3 Ba7 7.Qg4 Nf6 8.Qg3 d6
9.O-O O-O 10.Bh6 Ne8 11.c4 Nc6 12.Nc3 Kh8 13.Bg5 f6 14.Be3 e5 15.Bxa7 Rxa7
16.Qe3 Nc7 17.Be2 Ne6 18.Rfd1 Ra8 19.Bg4 Ned4 20.Bxc8 Rxc8 21.Rd2 Nxb3 22.axb3 Nd4
23.Ne2 Nxe2+ 24.Qxe2 Qb6 25.Qd3 Rc6 26.Rad1 h6 27.Qh3 Qb4 28.Rd5 Rb6 29.c5 Rb5
30.Rxd6 Rxc5 31.Rd8 Rc7 32.Qe6 Kh7 33.Qf5+ Kg8 34.h4 Qxb3 35.Rxf8+ Kxf8 36.Rd8+ Ke7
37.Rd5 Qa4 38.Qh7 Kf7 39.Rd8 Re7 40.h5 Re8 41.Rd6 Qb5 42.Kh2 a5 43.b3 a4
44.bxa4 Qxa4 45.f3 Qb5 46.Qf5 Kg8 47.Rd7 Qc6 48.Qg4 g5 49.Qf5 Kf8 50.Qh7 Qxd7
51.Qxd7 Re7 52.Qd8+  1-0

[Event "Open"]
[Site "Blackpool ENG"]
[Date "2008.03.09"]
[Round "4"]
[White "Cannon,Ri"]
[Black "Auckland,E"]
[Result "1-0"]
[WhiteElo "2095"]
[BlackElo "1925"]

1.e4 c5 2.Nf3 e6 3.d4 cxd4 4.Nxd4 a6 5.Bd3 b5 6.a4 b4 7.a5 Bb7 8.Qe2 Bc5
9.Nb3 Ba7 10.Be3 d6 11.N1d2 Nf6 12.f3 Qc7 13.Nc4 Nbd7 14.Ra4 d5 15.Ncd2 Qd6
16.Bxa7 Rxa7 17.Qe3 Ra8 18.Qd4 Bc6 19.Qxb4 Qf4 20.Ra1 e5 21.O-O h5 22.Rae1 h4
23.Qd6 Bb7 24.exd5 Rh6 25.Qc7 Bxd5 26.Nc4 Bxc4 27.Qxc4 Qxc4 28.Bxc4 Rc8 29.Bxa6 Rxc2
30.Re2 Rc7 31.Bb5 Rb7 32.Rxe5+ Kd8 33.Rd1 Kc7 34.Bxd7 Nxd7 35.Re7 Rxb3 36.Rdxd7+ Kc6
37.Rc7+ Kd6 38.Rb7 Rxb2 39.Rxb2 Kxe7 40.Rb7+ Ke8 41.Ra7 Rh5 42.Kf2 Rb5 43.a6 Ra5
44.Ke3 g5 45.Kd4 f5 46.Rg7 Rxa6 47.Rxg5 h3 48.gxh3 Rh6 49.f4 Rxh3 50.Rg2 Rh5
51.Ke5 Kf7 52.Ra2 Kg6 53.Ke6 Kg7 54.Rg2+ Kh6 55.Kf6 Kh7 56.Rg7+ Kh6 57.Rg5 Rxh2
58.Kxf5 Ra2 59.Kg4 Ra4 60.Rg8 Kh7 61.Rg5 Kh6 62.Kf5 Ra5+ 63.Kf6 Ra6+  1-0

[Event "ch-RUS Boys u20"]
[Site "St Petersburg RUS"]
[Date "2008.03.10"]
[Round "3"]
[White "Lintchevski,D"]
[Black "Shimanov,A"]
[Result "1-0"]
[WhiteElo "2440"]
[BlackElo "2441"]

1.e4 c5 2.Nf3 e6 3.d4 cxd4 4.Nxd4 a6 5.Bd3 Nf6 6.O-O Qc7 7.Qe2 d6 8.c4 g6
9.Nc3 Bg7 10.Nf3 Nc6 11.h3 O-O 12.Be3 Nd7 13.Rac1 b6 14.Rfd1 Bb7 15.Bb1 Nc5
16.Qd2 Rad8 17.Bh6 f5 18.exf5 gxf5 19.Bg5 Bf6 20.Bh6 Bg7 21.Bg5 Rd7 22.Qe3 Rdf7
23.Qd2 Rd7 24.Qe3 Kh8 25.a3 Ne5 26.Nxe5 dxe5 27.Rxd7 Nxd7 28.Rd1 e4 29.Bf4 Ne5
30.Na4 b5 31.Nc5 Bc8 32.cxb5 axb5 33.Ba2 Qe7 34.b4 Rg8 35.Kh1 Nc4 36.Bxc4 bxc4
37.Bd6 Qe8 38.a4 Qh5 39.Rc1 Qg6 40.Qg3 Qf6 41.Bc7 Qb2 42.Rxc4 Qa1+ 43.Kh2 Bf6
44.Qb3 Qf1 45.Bg3 f4 46.Rxe4 e5 47.Qf3 Bxh3 48.Kxh3 Qh1+ 49.Bh2 Rg6 50.Re2 Rh6+
51.Kg4 Rg6+ 52.Kf5 Qxh2 53.a5 Rg5+ 54.Ke4 Qg1 55.Kd3 Rg8 56.Kc4 Qc1+ 57.Qc3 Qf1
58.Qe1 Qxg2 59.Rd2 Rc8 60.Kb3 Qg8+ 61.Ka3 Qc4 62.Qe2 Qc1+ 63.Ka4 Qa1+ 64.Ra2 Qd4
65.Qd3 e4 66.Qxd4 Bxd4 67.Nxe4 f3 68.Ng5 Rc3 69.Rd2 Bf6 70.Ne4 Rc6 71.Kb5  1-0

[Event "65th ch-GEO w"]
[Site "Tbilisi GEO"]
[Date "2008.03.11"]
[Round "12"]
[White "Lomineishvili,M"]
[Black "Dzagnidze,N"]
[Result "0-1"]
[WhiteElo "2410"]
[BlackElo "2429"]

1.e4 c5 2.Nf3 e6 3.d4 cxd4 4.Nxd4 a6 5.Bd3 Bc5 6.Nb3 Be7 7.Be3 Nc6 8.f4 Nf6
9.N1d2 b6 10.c3 h5 11.h3 d6 12.Qe2 h4 13.O-O-O b5 14.e5 dxe5 15.fxe5 Nxe5
16.Be4 Nxe4 17.Nxe4 Qc7 18.Bd4 O-O 19.g3 Ng6 20.gxh4 Qf4+ 21.Nbd2 e5 22.Bf2 Qh6
23.Rhg1 Nf4 24.Qf3 Bf5 25.Be3 Qxh4 26.Bxf4 Qxf4 27.Qg2 Qh6 28.Ng3 Bg6 29.Rdf1 Rad8
30.Nf5 Bxf5 31.Rxf5 Bc5 32.Rd1 Qe6 33.Rg5 g6 34.Re1 Rd5 35.Ne4 Be7 36.Rg4 Kg7
37.Rg1 Rh8 38.Qf3 Rdd8 39.Kb1 Rh6 40.Ng3 Kh7 41.Ne4 Rh5 42.h4 Qd5 43.Ng5+ Kg7
44.Re4 f5 45.Re2 Rxg5  0-1

[Event "Spring Cup"]
[Site "Cheliabinsk RUS"]
[Date "2008.03.13"]
[Round "7"]
[White "Matsenko,S"]
[Black "Khusnutdinov,R"]
[Result "1/2-1/2"]
[WhiteElo "2418"]
[BlackElo "2452"]

1.e4 c5 2.Nf3 e6 3.d4 cxd4 4.Nxd4 a6 5.Bd3 g6 6.O-O Bg7 7.Nf3 Qc7 8.Qe2 Nc6
9.c4 Nf6 10.h3 d6 11.Nc3 O-O 12.Rd1 b6 13.Bf4 Ne5 14.Nxe5 dxe5 15.Be3 Nd7
16.b4 f5 17.f3 Bf6 18.Rac1 Be7 19.c5 bxc5 20.Na4 Rb8 21.a3 a5 22.b5 f4 23.Bf2 g5
24.Qa2 Rf6 25.Nxc5 Nxc5 26.Qc4 Bd7 27.Bxc5 Bxb5 28.Qc3 Rf7 29.Bxe7 Qxc3 30.Rxc3 Rxe7
31.Rb1 Reb7 32.Bxb5 Rxb5 33.Rc8+ Rxc8 34.Rxb5 a4 35.Rxe5 h6 36.Rxe6 Rc3 37.Rxh6 Kg7
38.Ra6 Rxa3 39.Kh2 Ra1 40.Ra5 Kg6 41.h4 gxh4 42.Kh3  1/2-1/2

[Event "TCh-AUT 1st Bundesliga 2007-8"]
[Site "Graz AUT"]
[Date "2008.03.13"]
[Round "8"]
[White "Pavasovic,D"]
[Black "Horvath,Cs1"]
[Result "1/2-1/2"]
[WhiteElo "2601"]
[BlackElo "2530"]

1.e4 c5 2.Nf3 e6 3.d4 cxd4 4.Nxd4 a6 5.Bd3 Nf6 6.O-O Qc7 7.Qe2 d6 8.c4 g6
9.Nc3 Bg7 10.Nf3 O-O 11.Bf4 Nc6 12.Rac1 e5 13.Be3 Bg4 14.h3 Nd4 15.Bxd4 Bxf3
16.Qxf3 exd4 17.Nd5 Nxd5 18.cxd5 Qa5 19.a3  1/2-1/2

[Event "ch-Siberia"]
[Site "Novokuznetsk RUS"]
[Date "2008.03.13"]
[Round "1"]
[White "Simonov,S"]
[Black "Pakhomov,E"]
[Result "1/2-1/2"]
[WhiteElo "2317"]
[BlackElo "2100"]

1.e4 c5 2.Nf3 e6 3.d4 cxd4 4.Nxd4 a6 5.Bd3 Qc7 6.O-O Nf6 7.Qe2 Nc6 8.Nxc6 dxc6
9.Nd2 e5 10.a4 Bg4 11.Nf3 Be7 12.h3 Bh5 13.a5 O-O 14.Be3 Nd7 15.c3 Nc5 16.Bc2 Bd6
17.Rfd1 Ne6 18.Bb6 Qe7 19.Qd3 Bc5 20.Bxc5 Qxc5 21.b4 Qe7 22.Bb3 Ng5 23.Nxg5 Bxd1
24.Bxf7+ Kh8 25.Qg3 h6 26.Rxd1 Qxg5 27.Bg6 Qf6 28.Bf5 Rad8 29.Rxd8 Rxd8 30.Qe3 Qh4
31.Bg4 Kg8 32.g3 Qe7  1/2-1/2

[Event "TCh-AUT 1st Bundesliga 2007-8"]
[Site "Graz AUT"]
[Date "2008.03.14"]
[Round "9"]
[White "Ragger,M"]
[Black "Lanka,Z"]
[Result "1-0"]
[WhiteElo "2530"]
[BlackElo "2475"]

1.e4 c5 2.Nf3 e6 3.d4 cxd4 4.Nxd4 a6 5.Bd3 Bc5 6.Nb3 Ba7 7.Qg4 Nf6 8.Qg3 d6
9.Nc3 Nc6 10.Bg5 h6 11.Bd2 Rg8 12.O-O-O e5 13.Bc4 b5 14.Bd5 Bd7 15.f4 b4
16.Ne2 a5 17.fxe5 Nxe5 18.Nbd4 Nxd5 19.exd5 Qc7 20.Kb1 O-O-O 21.c3 Qb7 22.cxb4 axb4
23.Qb3 Bc5 24.Bf4 Rge8 25.Ng3 Ng6 26.Rhf1 Qb6 27.Nc2 Bb5 28.Rf3 Nh4 29.Re3 Kb7
30.Rxe8 Rxe8 31.Bd2 Ra8 32.Re1 Ng6 33.Nxb4 Ne5 34.Nc2 Bc4 35.Qxb6+ Kxb6 36.a3 Bxd5
37.Ne4 Nd3 38.Nc3 Bc6 39.Rf1 Ka6 40.Rxf7 g5 41.Rf6 Kb7 42.b4 Bg1 43.Rxd6 Ne5
44.Rxh6 Bxg2 45.Bxg5 Nc4 46.Rh7+ Kc6 47.b5+ Kd6 48.Rg7 Bxh2 49.Be7+ Ke6 50.Rxg2 Be5
51.Bb4  1-0

[Event "TCh-AUT 1st Bundesliga 2007-8"]
[Site "Graz AUT"]
[Date "2008.03.14"]
[Round "9"]
[White "Alvir,A"]
[Black "Wanderer,T"]
[Result "1/2-1/2"]
[WhiteElo "2362"]
[BlackElo "2226"]

1.e4 c5 2.Nf3 e6 3.d4 cxd4 4.Nxd4 a6 5.Bd3 Qc7 6.Qe2 d6 7.c4 Nf6 8.Nc3 Be7
9.O-O Nbd7 10.f4 O-O 11.Kh1 b6 12.Bd2 Bb7 13.Rae1 Rfd8 14.b4 Rac8 15.a3 Qb8
16.Rf3 Bf8 17.Rg3 Kh8 18.Nf3 g6 19.Rh3 Kg8 20.Ng5 h6 21.Nf3 Bg7 22.Nd1 a5
23.Nf2 axb4 24.axb4 h5 25.Ng5 Qa8 26.Rg3 e5 27.f5 gxf5 28.Rh3 Nf8 29.Rxh5 Nxh5
30.Qxh5 Rc7 31.Be3 fxe4 32.Ngxe4  1/2-1/2

[Event "ch-Siberia"]
[Site "Novokuznetsk RUS"]
[Date "2008.03.14"]
[Round "2"]
[White "Shomoev,A"]
[Black "Badmatsyrenov,O"]
[Result "1-0"]
[WhiteElo "2562"]
[BlackElo "2343"]

1.e4 c5 2.Nf3 e6 3.d4 cxd4 4.Nxd4 a6 5.Bd3 Bc5 6.Nb3 Be7 7.Be3 d6 8.N1d2 Nf6
9.f4 e5 10.f5 d5 11.Qf3 g6 12.exd5 Nxd5 13.Bh6 Nf4 14.Bxf4 exf4 15.Qxf4 O-O
16.O-O-O Bg5 17.Qf2 Nc6 18.h4 Nb4 19.Be4 Bxd2+ 20.Rxd2 Qe8 21.Qf4 a5 22.a3 a4
23.Nd4 Nc6 24.Nxc6 bxc6 25.f6 Kh8 26.Re2 Bf5 27.h5 Qd8 28.hxg6 fxg6 29.Bxf5 gxf5  1-0

[Event "ch-UKR Boys u20"]
[Site "Odessa UKR"]
[Date "2008.03.14"]
[Round "10"]
[White "Kovalenko,I"]
[Black "Grinev,V"]
[Result "1/2-1/2"]
[WhiteElo "2450"]
[BlackElo "2266"]

1.e4 c5 2.Nf3 e6 3.d4 cxd4 4.Nxd4 a6 5.Bd3 Nf6 6.Nc3 Qc7 7.Be3 b5 8.O-O Bb7
9.a3 Nc6 10.h3 Be7 11.Kh1 d6 12.f4 O-O 13.Qf3 Nxd4 14.Bxd4 e5 15.fxe5 dxe5
16.Qg3 Nh5 17.Qh2 Bd6 18.Be3 Nf4 19.Qg3 Rfe8 20.Qh4 Qd8 21.Qf2 Qe7 22.g3 Ne6
23.b4 Nd4 24.Kh2 Qe6 25.Rae1 Rac8 26.Bxd4 exd4 27.Ne2 Be5 28.Nxd4 Qd7 29.Nf3 Bc3
30.Re2 Rcd8 31.Qc5 Rc8 32.Qh5 f6 33.g4 Re7 34.Kg2 Rce8 35.Qc5 Qc7 36.Qxc7 Rxc7
37.Rb1 g6 38.Kf2 Kg7 39.Re3 Bc8 40.Kg3 Be6 41.h4 Ba2 42.Rd1 Bf7 43.g5 fxg5
44.hxg5 Kg8 45.e5 Bd5 46.Be4 Bf7 47.Bd5 Bxd5 48.Rxd5 Bb2 49.Rd6 Bc1 50.Red3 Bb2
51.Re3 Bc1 52.Re4 Rc3 53.Rxa6 Rf8 54.Rf6 Bxg5 55.Rxf8+ Kxf8 56.e6 Bf6 57.Kf4 Rxa3
58.Ne5 Bxe5+ 59.Kxe5 Ke7 60.Kd5 Ra6 61.Rh4 h5 62.Kc5 Ra2 63.Rh2 Kxe6 64.Kxb5 Rb2
65.Kc5 h4 66.b5 g5 67.b6 h3 68.Rxh3 Rxc2+ 69.Kb5 Rb2+ 70.Ka6 Kf5 71.b7 Kf4
72.Rh2 Rxb7  1/2-1/2

[Event "TCh-AUT 1st Bundesliga 2007-8"]
[Site "Graz AUT"]
[Date "2008.03.15"]
[Round "10"]
[White "Schachinger,M"]
[Black "Hellmayr,A"]
[Result "1/2-1/2"]
[WhiteElo "2308"]
[BlackElo "2320"]

1.e4 c5 2.Nf3 e6 3.d4 cxd4 4.Nxd4 a6 5.Bd3 d6 6.c4 Bd7 7.O-O Nc6 8.Nxc6 Bxc6
9.Nc3 Nf6 10.Qe2 Be7 11.Bf4 Nd7 12.Rfd1 Qb8 13.Rac1 b6 14.b4 O-O 15.a3 Rd8
16.Bb1 Ne5 17.Bg3 Qb7 18.f4 Ng6 19.Bd3 Bf6 20.Kh1 Qe7 21.Qh5 Qb7 22.b5 axb5
23.cxb5 Bxc3 24.bxc6 Qxc6 25.Bb5 Qc5 26.Qxc5 dxc5 27.Bc6 Rxd1+ 28.Rxd1 Rxa3
29.f5 Nf8 30.Bc7 Bd4 31.Bxb6 g6 32.g4 Kg7 33.Rc1 gxf5 34.gxf5 exf5 35.exf5 Ra1
36.Rxa1 Bxa1 37.Bxc5 h6 38.Kg2 Nh7 39.Kf3 Nf6 40.h3 Bb2 41.Be7 Be5 42.Ke3 Bb2
43.Bd6 Ba1 44.Kd3 Nh7 45.Bf4 Nf6 46.Bf3 Nh7 47.Kc4 Ng5 48.Bg4 Nh7 49.Kc5 Bb2
50.Kd6 Nf6 51.Bf3 Ba3+ 52.Kc6 Bb2 53.Kd6 Ba3+ 54.Kc6  1/2-1/2

[Event "ch-Siberia"]
[Site "Novokuznetsk RUS"]
[Date "2008.03.15"]
[Round "3"]
[White "Nevostrujev,V"]
[Black "Kolesnikov,E"]
[Result "0-1"]
[WhiteElo "2469"]
[BlackElo "2370"]

1.e4 c5 2.Nf3 e6 3.d4 cxd4 4.Nxd4 a6 5.Bd3 Bc5 6.Nb3 Be7 7.Qg4 g6 8.Qe2 d6
9.O-O Nd7 10.c4 Ne5 11.Bc2 Qc7 12.Na3 Nf6 13.f4 Nc6 14.Be3 O-O 15.Rac1 Nd7
16.Bb1 Nc5 17.f5 Re8 18.Nxc5 dxc5 19.Qf2 Bd6 20.Bxc5 Bxh2+ 21.Kh1 Bg3 22.Qf3 Be5
23.Qf2 f6 24.b4 Qg7 25.g3 exf5 26.exf5 Bxf5 27.Bxf5 gxf5 28.Rc2 Rad8 29.Qxf5 Nd4
30.Bxd4 Rxd4 31.Rh2 Red8 32.Nc2 Rd3 33.Rh3 Rxg3 34.Ne3 Kh8 35.Qh5 Rg8 36.Rxg3 Qxg3
37.Qh6 Bd4  0-1

[Event "ch-RUS Girls u20"]
[Site "St Petersburg RUS"]
[Date "2008.03.15"]
[Round "8"]
[White "Severiukhina,Z"]
[Black "Ambartsumova,K"]
[Result "1-0"]
[WhiteElo "2199"]
[BlackElo "2228"]

1.e4 c5 2.Nf3 e6 3.d4 cxd4 4.Nxd4 a6 5.Bd3 Bc5 6.Nb3 Ba7 7.Qe2 Nc6 8.Be3 Bxe3
9.Qxe3 Nf6 10.Nc3 d6 11.O-O-O O-O 12.Be2 Qc7 13.g4 Rd8 14.g5 Ne8 15.f4 b5
16.Bd3 b4 17.Ne2 Bb7 18.h4 a5 19.Kb1 a4 20.Nbd4 Nxd4 21.Qxd4 Qc5 22.h5 f5
23.gxf6 Nxf6 24.h6 Qxd4 25.Nxd4 Nxe4 26.Rhg1 g6 27.Nxe6 Rdc8 28.Ng5 Nxg5
29.Rxg5 Kf7 30.Rb5 Bf3 31.Rf1 Re8 32.Rxb4 Be2 33.Rb7+ Kf6 34.Bxe2 Rxe2 35.Rxh7 Rh2
36.Rd7 Ke6 37.Rg7 Kf6 38.Rd7 Ke6 39.Rh7 Rc8 40.Rc1 Rc4 41.b3 Rxf4 42.Re1+ Kd5
43.Rd1+ Kc5 44.Kb2 axb3 45.axb3 Rff2 46.Rc7+ Kb6 47.Rc8 Kb7 48.Rc4 Rf6 49.Rg1 Rxh6
50.Rcg4 Kc6 51.b4 Kb6 52.R1g3 d5 53.Rg5 Kc6 54.Rc3+ Kd6 55.b5 Re6 56.Kb3 Rh5
57.Rg4 Kd7 58.Kb4 Re4+ 59.Rxe4 dxe4 60.b6 Rh1 61.Kb5 Rb1+ 62.Ka6 Ra1+ 63.Kb7 Rb1
64.Ka7 Ra1+ 65.Kb8 Kd6 66.b7 Rb1 67.Rb3 Rh1 68.Ka7 Rh7 69.Ka6 Rxb7 70.Kxb7 Kc5
71.Rg3 Kc4 72.Kc6 Kd4 73.c3+  1-0

[Event "TCh-HUN 2007-8"]
[Site "Budapest HUN"]
[Date "2008.03.16"]
[Round "8"]
[White "Biro,Andra"]
[Black "Krutti,V"]
[Result "0-1"]
[WhiteElo "2298"]
[BlackElo "2412"]

1.e4 c5 2.Nf3 e6 3.d4 cxd4 4.Nxd4 a6 5.Bd3 Nf6 6.c4 Nc6 7.Nxc6 dxc6 8.O-O e5
9.Qe2 Bc5 10.h3 Be6 11.Nd2 Nd7 12.b3 O-O 13.Nf3 f6 14.Bd2 a5 15.Bc3 Qe7 16.Rfd1 Rfd8
17.Bc2 Bf7 18.Rd3 Bd6 19.Nh4 g6 20.Rad1 Nc5 21.R3d2 Ne6 22.g3 Ng5 23.Kh2 Be6
24.c5 Bxc5 25.f4 Rxd2 26.Qxd2 Nf7 27.Bxa5 b6 28.Bc3 Rxa2 29.b4 Bb3 30.Rc1 Bd4
31.Ng2 c5 32.Ne1 exf4 33.gxf4 Bxc2 34.Rxc2 Rxc2 35.Nxc2 Bxc3 36.Qxc3 Qxe4
37.bxc5 Qxf4+  0-1

[Event "TCh-AUT 1st Bundesliga 2007-8"]
[Site "Graz AUT"]
[Date "2008.03.16"]
[Round "11"]
[White "Gross,Dav GER"]
[Black "Horvath,Cs1"]
[Result "1/2-1/2"]
[WhiteElo "2491"]
[BlackElo "2530"]

1.e4 c5 2.Nf3 e6 3.d4 cxd4 4.Nxd4 a6 5.Bd3 Nf6 6.O-O Qc7 7.Qe2 d6 8.c4 Nbd7
9.Nc3 Be7 10.f4 O-O 11.Kh1 Re8 12.Bd2 b6 13.Rae1 Bb7 14.Bb1 g6 15.Nf3 Bf8
16.Ng5 h6 17.Nf3 Bg7 18.b3 Rad8 19.Qf2 Qc5 20.Be3 Qa5 21.Bd2 Qc5 22.Qe2 Qc7
23.Qf2  1/2-1/2

[Event "ch-Siberia"]
[Site "Novokuznetsk RUS"]
[Date "2008.03.16"]
[Round "4"]
[White "Buldaev,N"]
[Black "Badmatsyrenov,O"]
[Result "0-1"]
[WhiteElo "2206"]
[BlackElo "2343"]

1.e4 c5 2.Nf3 e6 3.d4 cxd4 4.Nxd4 a6 5.Bd3 Bc5 6.Nb3 Be7 7.Qg4 g6 8.Qe2 d6
9.O-O Nd7 10.Na3 Ne5 11.Nc4 Nxc4 12.Bxc4 Bd7 13.a4 Rc8 14.a5 Rxc4 15.Qxc4 Bb5
16.Qb4 Bxf1 17.Kxf1 Qc7 18.Qb6 Bd8 19.Qxc7 Bxc7 20.e5 Ne7 21.Bh6 Kd7 22.exd6 Bxd6
23.Rd1 Rc8 24.c3 e5 25.Nd2 f5 26.Nf3 Nc6 27.Ng5 Ke7 28.Nxh7 Bc7 29.b4 Rh8
30.Bg5+ Ke6 31.Nf6 Bd8 32.Nh7 Bxa5 33.bxa5 Rxh7 34.h3 Rd7 35.Rb1 Nxa5 36.Ke2 Nc4
37.g4 b5 38.f3 f4 39.Rd1 Nd6 40.h4 Rc7 41.h5 gxh5 42.gxh5 Rg7 43.Bd8 Rg2+
44.Kd3 Nc4 45.Ke4 Nb2 46.Re1 Rd2 47.Bc7 Nd3  0-1

[Event "ch-Siberia"]
[Site "Novokuznetsk RUS"]
[Date "2008.03.16"]
[Round "4"]
[White "Lesin,D"]
[Black "Dashiev,K"]
[Result "1-0"]
[WhiteElo "2218"]
[BlackElo "2148"]

1.e4 c5 2.Nf3 e6 3.d4 cxd4 4.Nxd4 a6 5.Bd3 Qc7 6.O-O Nc6 7.Nxc6 bxc6 8.c4 e5
9.Nc3 Nf6 10.f4 Bc5+ 11.Kh1 d6 12.Qe1 Ng4 13.Be2 h5 14.Bxg4 hxg4 15.f5 Qe7
16.Be3 Bxe3 17.Qxe3 Qh4 18.h3 gxh3 19.g3 Qg4 20.Rad1 Rh6 21.c5 Bb7 22.Rxd6 Rxd6
23.cxd6 Rd8 24.Rd1 g6 25.Kh2 gxf5 26.exf5 Qxf5 27.Ne4 c5 28.Nxc5 Bc6 29.Rf1 Qh5
30.Rf6 e4 31.Rh6 Qe5 32.Qg5 Qxb2+ 33.Kxh3  1-0

[Event "V U20 Int"]
[Site "Los Llanos de Aridane ESP"]
[Date "2008.03.17"]
[Round "4"]
[White "Hernandez Leon,A"]
[Black "Herrera Reyes,J"]
[Result "0-1"]
[WhiteElo "2200"]
[BlackElo "2030"]

1.e4 c5 2.Nf3 e6 3.d4 cxd4 4.Nxd4 a6 5.Bd3 Qc7 6.O-O b5 7.Qe2 Bb7 8.a4 Nc6
9.c3 b4 10.Nxc6 Qxc6 11.cxb4 Bxb4 12.Bd2 a5 13.Rc1 Qb6 14.Be3 Qd8 15.Nc3 Ne7
16.Nb5 O-O 17.Nc7 Rc8 18.Bb6 Nc6 19.Nd5 Qh4 20.g3 Qg5 21.f4 Qg6 22.e5 Qh6
23.Ne3 f5 24.exf6 Qxf6 25.Ng4 Qe7 26.Qe4 g6 27.Rxc6 Rxc6 28.Bd4 Rfc8 29.Qe5 Kf7
30.Qg7+ Ke8 31.Qg8+ Qf8 32.Qxh7 Rc1+ 33.Rxc1 Rxc1+ 34.Kf2 Bc5 35.Qxg6+ Kd8
36.Qg5+ Kc8 37.Qe5 Bd5 38.Ne3 d6 39.Bxc5 Rxc5 40.Nxd5  0-1

[Event "ch-Siberia"]
[Site "Novokuznetsk RUS"]
[Date "2008.03.17"]
[Round "5"]
[White "Belozerov,A"]
[Black "Kolesnikov,E"]
[Result "1-0"]
[WhiteElo "2538"]
[BlackElo "2370"]

1.e4 c5 2.Nf3 e6 3.d4 cxd4 4.Nxd4 a6 5.Bd3 Bc5 6.Nb3 Be7 7.O-O d6 8.Nc3 Nf6
9.f4 Nc6 10.Qf3 O-O 11.Be3 Qc7 12.Rae1 Bd7 13.g4 Nb4 14.g5 Nxd3 15.cxd3 Ne8
16.f5 d5 17.f6 Bd6 18.exd5 gxf6 19.gxf6 Bxh2+ 20.Kh1 Kh8 21.Re2 Bd6 22.Qh5 exd5
23.Bd4 Rg8 24.Qxf7 Rg5 25.Re7  1-0

[Event "ch-Siberia"]
[Site "Novokuznetsk RUS"]
[Date "2008.03.19"]
[Round "7"]
[White "Tsydypov,Z"]
[Black "Katkov,S"]
[Result "0-1"]
[WhiteElo "2022"]
[BlackElo "2242"]

1.e4 c5 2.Nf3 e6 3.d4 cxd4 4.Nxd4 a6 5.Bd3 Bc5 6.Nb3 Be7 7.Qg4 g6 8.Qe2 d6
9.Na3 Nd7 10.Nc4 Qc7 11.a4 Ngf6 12.O-O O-O 13.a5 d5 14.exd5 Nxd5 15.Bh6 Re8
16.f4 Bf8 17.Bxf8 Rxf8 18.Ne5 Nxf4 19.Rxf4 Nxe5 20.Raf1 Nxd3 21.Qxd3 e5 22.Rf6 Be6
23.Nd2 Kg7 24.Qe3 Qxa5 25.Ne4 Rac8 26.Ng5 Bc4 27.b4 Qxb4 28.Qxe5 Qc5+ 29.Qxc5 Rxc5  0-1

[Event "ch-Siberia"]
[Site "Novokuznetsk RUS"]
[Date "2008.03.19"]
[Round "7"]
[White "Lesin,D"]
[Black "Sambursky,V"]
[Result "1-0"]
[WhiteElo "2218"]
[BlackElo "2263"]

1.e4 c5 2.Nf3 e6 3.d4 cxd4 4.Nxd4 a6 5.Bd3 Qc7 6.O-O Bd6 7.h3 Bc5 8.Nb3 Ba7
9.Qg4 Ne7 10.Bf4 d6 11.Qxg7 Rg8 12.Qxh7 e5 13.Be3 Bxe3 14.fxe3 Be6 15.Nc3 Rf8
16.Be2 Nd7 17.Qh4 Nb6 18.Bg4 Qd7 19.Rad1 Bxg4 20.Qxg4 Qxg4 21.hxg4 O-O-O
22.Na5 Nc6 23.Nxc6 bxc6 24.b3 Rd7 25.Rf6 Kc7 26.Rdf1 Re7 27.g5 Nd7 28.Rh6 Rg8
29.Rh7 Rxg5 30.Rfxf7 Rxf7 31.Rxf7 Rh5 32.g3 Rh8 33.Kg2 Kd8 34.Rg7 Rh6 35.Nd1 d5
36.exd5 cxd5 37.Nc3 Rd6 38.e4 Nb6 39.exd5 Nxd5 40.Nxd5 Rxd5 41.Kf3 Rd2 42.Ra7 Rxc2
43.Rxa6 Rc3+ 44.Kf2 Kd7 45.g4 e4 46.g5 Rf3+ 47.Ke2 Rg3 48.g6 Kc7 49.b4 Kb7
50.b5 Rg4 51.a4 Rg3 52.a5 Rb3 53.Kf2 Rf3+ 54.Ke2 Rb3 55.Rb6+ Ka7 56.Kf2 Rf3+
57.Ke2 Rb3 58.Ra6+ Kb7 59.Re6 Rg3 60.Re7+  1-0

[Event "Doeberl Cup"]
[Site "Canberra AUS"]
[Date "2008.03.20"]
[Round "1"]
[White "Toth,And1"]
[Black "Nakauchi,G"]
[Result "1-0"]
[WhiteElo "2410"]
[BlackElo "2092"]

1.e4 c5 2.Nf3 e6 3.d4 cxd4 4.Nxd4 a6 5.Bd3 Bc5 6.Nb3 Be7 7.c4 d6 8.Nc3 Nf6
9.O-O b6 10.f4 Nbd7 11.Be3 Bb7 12.Qf3 h5 13.Rac1 Rc8 14.Nd4 Qc7 15.b4 Qb8
16.f5 Ne5 17.Qe2 Nxd3 18.Qxd3 e5 19.Nf3 d5 20.exd5 Bxb4 21.Ne4 Be7 22.Nfg5 Nxe4
23.Nxe4 f6 24.Rb1 Qc7 25.Rfc1 Kf7 26.Rxb6 Rcd8 27.Qb3 Ba8 28.d6 Qd7 29.c5+ Ke8
30.dxe7 Kxe7 31.Re6+ Kf8 32.Rd6 Qc7 33.c6 Rxd6 34.Nxd6  1-0

[Event "Doeberl Cup"]
[Site "Canberra AUS"]
[Date "2008.03.20"]
[Round "2"]
[White "Lane,G"]
[Black "Ikeda,J"]
[Result "1-0"]
[WhiteElo "2412"]
[BlackElo "2201"]

1.e4 c5 2.Nf3 e6 3.d4 cxd4 4.Nxd4 a6 5.Bd3 Qc7 6.f4 g6 7.Nc3 Bg7 8.Be3 Nc6
9.Nxc6 bxc6 10.e5 f6 11.Ne4 fxe5 12.Bc5 Bf8 13.Bxf8 Kxf8 14.fxe5 Qxe5 15.O-O+ Kg7
16.Qf3 Nh6 17.Rae1 Bb7 18.Qf2 Raf8 19.Qb6 Ng4 20.g3 Rxf1+ 21.Rxf1 Rb8 22.Rf4 h5
23.Qb4 c5 24.Qxc5 Bxe4 25.Qe7+ Kh6 26.Rxe4 Qxb2 27.Qf7 Qc1+ 28.Kg2 Qd2+ 29.Re2 Qg5
30.h3 Qf6 31.Qxf6 Nxf6 32.Bxa6 Nd5 33.Rd2 Rb2 34.a4 Rxc2 35.Rxc2 Ne3+ 36.Kf2 Nxc2
37.a5 Nd4 38.Bc8 Nc6 39.a6 Kg5 40.Bxd7 Na7 41.Bxe6 Kf6 42.Bd5 Nc8 43.Ke3 h4
44.gxh4 Na7 45.Kd4  1-0

[Event "Spring Festival"]
[Site "Budapest HUN"]
[Date "2008.03.21"]
[Round "1"]
[White "Lengyel,B"]
[Black "Pogats,J"]
[Result "1-0"]
[WhiteElo "2261"]
[BlackElo "1970"]

1.e4 c5 2.Nf3 e6 3.d4 cxd4 4.Nxd4 a6 5.Bd3 Qb6 6.Nb3 Nc6 7.O-O Nf6 8.c4 Qc7
9.f4 d6 10.Nc3 Be7 11.Be3 b6 12.Rc1 Qd8 13.Rf2 O-O 14.Rd2 Nd7 15.Qf3 Bb7
16.Qh3 g6 17.Rcd1 Qb8 18.f5 exf5 19.Nd5 Re8 20.exf5 Nce5 21.Be2 Bxd5 22.Rxd5 Nf6
23.R5d4 Bf8 24.Bg5 Bg7 25.Qh4 Ned7 26.Bf3 Ra7 27.Rxd6 h6 28.Bxh6 Bxh6 29.Qxh6 Re1+
30.Rxe1 Qxd6 31.fxg6 fxg6 32.Qxg6+ Kf8 33.Qh6+ Kg8 34.Bd5+  1-0

[Event "12th Neckar Open A"]
[Site "Deizisau GER"]
[Date "2008.03.22"]
[Round "4"]
[White "Vocaturo,D"]
[Black "Erdos,V"]
[Result "0-1"]
[WhiteElo "2415"]
[BlackElo "2575"]

1.e4 c5 2.Nf3 e6 3.d4 cxd4 4.Nxd4 a6 5.Bd3 Ne7 6.O-O Nbc6 7.Nb3 g6 8.Qe2 Bg7
9.c3 O-O 10.Bg5 h6 11.Bh4 f5 12.f4 Qc7 13.N1d2 b5 14.Rae1 Rf7 15.exf5 gxf5
16.g4 Bb7 17.g5 Ng6 18.Bg3 hxg5 19.fxg5 Be5 20.Ne4 fxe4 21.Rxf7 Kxf7 22.Bxe4 Bxg3
23.Qh5 Bxh2+ 24.Kh1 Ne5 25.Qh7+ Ke8 26.Nc5 Qxc5 27.Bxb7 Rb8 28.Be4 Kd8 29.Qxh2 Kc8
30.Rf1 Qe3 31.Rf8+ Kc7  0-1

[Event "9th North American Inv"]
[Site "Chicago USA"]
[Date "2008.03.23"]
[Round "4"]
[White "Pasalic,M"]
[Black "Coleman,T"]
[Result "1/2-1/2"]
[WhiteElo "2395"]
[BlackElo "2244"]

1.e4 c5 2.Nf3 e6 3.d4 cxd4 4.Nxd4 a6 5.Bd3 Ne7 6.O-O Nbc6 7.Nb3 g6 8.N1d2 Bg7
9.a4 b6 10.c3 O-O 11.Qe2 f5 12.f4 fxe4 13.Nxe4 d5 14.Nf2 e5 15.fxe5 Nxe5
16.Bg5 Qc7 17.Nd4 N7c6 18.Be3 Nxd3 19.Nxd3 Rxf1+ 20.Rxf1 Nxd4 21.Bxd4 Bxd4+
22.cxd4 Bf5 23.Ne5 b5 24.axb5 Qb6 25.Qe3 Qxb5 26.Rf2 Qb7 27.h3 Rc8 28.Kh2 Qe7
29.Qf3 Be4 30.Qg3 Rf8 31.Nc6 Qe8 32.Rxf8+ Qxf8 33.Qb8 Qxb8+ 34.Nxb8 Bd3 35.Nd7 Kg7
36.h4 Bb5 37.Nc5 Kf6 38.Kg3 g5 39.hxg5+ Kxg5 40.Kf3 h5 41.Ne6+ Kf5 42.Nc5 h4
43.g4+ hxg3 44.Kxg3 Bf1 45.Kf3 Bb5 46.Ke3 Bf1 47.Kd2 Kf4 48.Kc3 Ke3 49.Nd7 Bb5
50.Nc5 Be2 51.b3 Bd1 52.Nxa6 Bxb3  1/2-1/2